Voyager 1 Golden Record Languages - Statistics

General Stats
  • This quiz has been taken 57 times
    22 since last reset
  • The average score is 29 of 55
Answer Stats
Languages % Correct
English
100%
Japanese
100%
Russian
100%
Arabic
95%
French
95%
German
95%
Spanish
95%
Amoy
90%
Korean
90%
Mandarin Chinese
90%
Portuguese
90%
Swedish
90%
Hindi
85%
Italian
85%
Polish
80%
Ancient Greek
75%
Dutch
75%
Persian
75%
Turkish
75%
Vietnamese
75%
Indonesian
70%
Romanian
70%
Thai
70%
Urdu
70%
Cantonese
65%
Czech
65%
Hebrew
60%
Hungarian
55%
Latin
55%
Ukrainian
55%
Bengali
50%
Serbian
50%
Nepali
40%
Punjabi
40%
Wu
40%
Armenian
35%
Burmese
35%
Zulu
35%
Gujarati
30%
Kannada
25%
Marathi
20%
Telugu
20%
Oriya
15%
Welsh
15%
Aramaic
10%
Quechua
10%
Sinhala
10%
Sotho
10%
Akkadian
0%
Ganda
0%
Hittite
0%
Ila
0%
Nyanja
0%
Rajasthani
0%
Sumerian
0%
No matching quizzes found
Score Distribution
Percent of People with Each Score
Percentile by Number Answered
Your Score History
You have not taken this quiz since the last reset